000 00822nam a2200217 a 4500
001 000035729
005 20260203124139.0
008 111109s1949 ag 000 0 spa d
040 _aDO-SdBNP
_bspa
_cBNPHU
100 1 _aFatone, Vicente
_961664
245 1 3 _aEl existencialismo y la libertad creadora :
_buna crítica al existencialismo de Jean-Paul Sartre /
_cVicente Fatone.
250 _a2a. ed., rev. por el autor
260 _aBuenos Aires :
_bArgos,
_c1949.
300 _a189 p. ;
_c21 cm.
490 0 _aBiblioteca Argos. Los pensadores
590 _aPerteneció a la biblioteca personal de Juan Isidro Jimenes Grullón
600 1 4 _aSartre, Jean-Paul,
_d1905-1980
_913414
650 2 0 _aExistencialismo
_936017
650 2 4 _aFilosofía existencialista
_961665
830 0 _aBiblioteca Argos.
_pLos pensadores
_961666
999 _c35220
_d35220